000 00352nam a2200133Ia 4500
005 20260328104340.0
008 260328s9999||||xx |||||||||||||| ||und||
100 _aCandilis, George
245 0 _aArquitectura y Urbanismo del turismo de masas /
_cGeorge Candilis
260 _bGustavo Gili
300 _a140 p.
650 _aARQUITECTURA
942 _cBK
999 _c12084
_d12084